Tratados : El héroe - El discreto - El oráculo / Alfonso Reyes, editor

Guardat en:
Dades bibliogràfiques
Autor principal: Gracián, Baltasar
Format: Llibre
Idioma:Undetermined
Publicat: Madrid, España Calleja 1918
Matèries:
Etiquetes: Afegir etiqueta
Sense etiquetes, Sigues el primer a etiquetar aquest registre!

MARC

LEADER 00000nam a2200000Ia 4500
008 170316s9999 xx 000 0 und d
040 |a cru BVZT 
090 |a 862 G-40t 
100 |a Gracián, Baltasar 
245 |a Tratados : El héroe - El discreto - El oráculo / Alfonso Reyes, editor 
260 |a Madrid, España 
260 |b Calleja 
260 |c 1918 
300 |a 301 páginas 
650 |a LITERATURA ESPAÑOLA 
650 |a TRATADOS 
650 |a EL HÉROE 
650 |a EL DISCRETO 
650 |a EL ORÁCULO MANUAL 
650 |a BATALLA DE LÉRIDA 
999 |c 9942  |d 9942 
942 |c 15 D  |h 862 G-40t  |2 z